Pokémon - Les attaques de Miamiasme - Statistiques

Statistiques générales
  • Ce quiz a été pris 14 fois
  • Le résultat moyen est 11 sur 17
Statistiques - réponses
Niveaux Types Noms des attaques % Correct
Niveau 18 Poison Détritus
100%
Niveau 30 Poison Toxik
100%
Niveau 6 Poison Bombe Acide
80%
Niveau 27 Poison Bombe Beurk
80%
Départ Normal Écras'Face
80%
Niveau 39 Poison Détricanon
70%
Niveau 33 Poison Éructation
70%
Départ Poison Gaz Toxik
70%
Niveau 24 Normal Bélier
60%
Niveau 42 Normal Explosion
60%
Niveau 15 Poison Pics Toxik
60%
Niveau 21 Normal Avale
50%
Niveau 12 Poison Bain de Smog
50%
Niveau 21 Normal Stockage
50%
Niveau 9 Psy Amnésie
30%
Niveau 3 Normal Recyclage
30%
Niveau 37 Normal Balance
10%
Aucun quiz correspondant
Distribution des résultats
% des personnes avec chaque résultat
Percentile par nombre de réponses
Votre historique - résultats
Vous n’avez pas pris ce quiz